[Event "18.int.Seniorenturnier Bad Woerishofen"]
[Site "Veranstalter: chessorg"]
[Date "2003.03.07"]
[Round "1"]
[White "Bareth, Walter"]
[Black "Alicke, Manfred"]
[Result "1-0"]
[WhiteElo "1846"]
[BlackElo "1571"]
[PlyCount "87"]
[EventDate "2002.03.??"]

1. d4 e6 2. Nf3 d5 3. Bf4 Nc6 4. e3 h6 5. c3 Bd6 6. Bg3 Nf6 7. Nbd2 a6 8. Bd3
Ne7 9. Ne5 Nf5 10. Bxf5 exf5 11. Nd3 Ne4 12. Be5 Nxd2 13. Qxd2 Be6 14. O-O f6
15. Bxd6 cxd6 16. Nf4 Bf7 17. Qc2 Qd7 18. a4 g5 19. Ne2 Rc8 20. Rfb1 Bg6 21. b4
Kf7 22. Qb3 Qc6 23. b5 Qc4 24. Qxc4 dxc4 25. bxa6 bxa6 26. Rb7+ Ke6 27. f3 Rh7
28. Rb6 Ra7 29. a5 Rcc7 30. Rab1 h5 31. R1b4 h4 32. Rb8 Bf7 33. R4b6 Ke7 34.
Nc1 Be8 35. Na2 Bb5 36. Nb4 Rd7 37. Rh8 Rab7 38. Rxb7 Rxb7 39. Rh7+ Ke6 40.
Rxb7 g4 41. Rb6 gxf3 42. gxf3 h3 43. f4 Kd7 44. Nxa6 1-0

[Event "18.int.Seniorenturnier Bad Woerishofen"]
[Site "Veranstalter: chessorg"]
[Date "2003.03.07"]
[Round "1"]
[White "Bartlitz, Heinz"]
[Black "Wild, Gerhard"]
[Result "0-1"]
[WhiteElo "1613"]
[BlackElo "1984"]
[PlyCount "76"]
[EventDate "2002.03.??"]

1. Nf3 d5 2. g3 Nf6 3. Bg2 Bf5 4. d3 c6 5. O-O Nbd7 6. Nbd2 e6 7. h3 Be7 8. Nh2
h6 9. e4 Bg6 10. Ng4 Qc7 11. f4 dxe4 12. dxe4 O-O-O 13. Nxf6 gxf6 14. Qe2 Rhg8
15. Kh2 Kb8 16. Nb3 h5 17. f5 Bh7 18. Bf4 Ne5 19. Rad1 Rxd1 20. Rxd1 exf5 21.
Qxh5 Bg6 22. Qe2 Bd6 23. Nd4 fxe4 24. Bxe4 Rh8 25. Nf5 Bh5 26. Bf3 Bxf3 27. Qf1
Bxd1 28. Qxd1 Rd8 29. b3 Bc5 30. Qe2 Ka8 31. Ne3 Qd7 32. Nc4 Nxc4 33. Qxc4 Bd6
34. h4 Bxf4 35. Qxf4 Qd2+ 36. Kh3 Qxf4 37. gxf4 Rg8 38. h5 Kb8 0-1

[Event "18.int.Seniorenturnier Bad Woerishofen"]
[Site "Veranstalter: chessorg"]
[Date "2003.03.07"]
[Round "1"]
[White "Baur, Theo"]
[Black "Rueggeberg, Wilhelm"]
[Result "0-1"]
[WhiteElo "1499"]
[BlackElo "1798"]
[PlyCount "40"]
[EventDate "2002.03.??"]

1. e4 c5 2. Bc4 e6 3. Nc3 Nc6 4. a3 Nf6 5. d3 d6 6. Bg5 Be7 7. Nf3 Bd7 8. h3 a6
9. O-O Qc7 10. Bh4 Rc8 11. Ba2 b5 12. Ne2 h6 13. Bg3 O-O 14. c4 Qb6 15. cxb5
axb5 16. Nh2 Rfd8 17. f4 d5 18. e5 Ne8 19. Rf3 f5 20. Bf2 Qa6 0-1

[Event "18.int.Seniorenturnier Bad Woerishofen"]
[Site "Veranstalter: chessorg"]
[Date "2003.03.07"]
[Round "1"]
[White "Born, Bernd_Ludger_Dr"]
[Black "Erler, Klaus_Juergen"]
[Result "1-0"]
[WhiteElo "2027"]
[BlackElo "1677"]
[PlyCount "65"]
[EventDate "2002.03.??"]

1. c4 Nf6 2. Nc3 e5 3. Nf3 d6 4. g3 Be7 5. Bg2 c6 6. O-O O-O 7. d3 a5 8. Qc2
Qc7 9. d4 Nbd7 10. b3 Re8 11. Bb2 Bf8 12. e3 e4 13. Ne1 d5 14. cxd5 cxd5 15.
Nxe4 Qxc2 16. Nxf6+ Nxf6 17. Nxc2 Bf5 18. Rfc1 Rac8 19. Ne1 Bb4 20. Nf3 Bc2 21.
Bh3 Rc7 22. Ne1 Bxe1 23. Rxe1 g6 24. Rac1 Rc6 25. f3 Re7 26. Bf1 Bf5 27. Rxc6
bxc6 28. Rc1 Rxe3 29. Rxc6 Kg7 30. Kf2 Re7 31. Ba3 Re8 32. Bc5 Rb8 33. Ra6 1-0

[Event "18.int.Seniorenturnier Bad Woerishofen"]
[Site "Veranstalter: chessorg"]
[Date "2003.03.07"]
[Round "1"]
[White "Buchner, Matthias"]
[Black "Escher, Helmut"]
[Result "0-1"]
[WhiteElo "1543"]
[BlackElo "1981"]
[PlyCount "86"]
[EventDate "2002.03.??"]

1. e4 c5 2. Nf3 d6 3. d4 cxd4 4. Qxd4 Nc6 5. Bb5 Bd7 6. Qd2 Nf6 7. Nc3 g6 8.
O-O Bg7 9. h3 O-O 10. Re1 a6 11. Ba4 b5 12. Bb3 Na5 13. Nd5 Nxd5 14. Bxd5 Rc8
15. c3 Nc4 16. Qe2 Qc7 17. Be3 e6 18. Bxc4 bxc4 19. Red1 Rfd8 20. Qd2 Bc6 21.
Qc2 Qb7 22. Nd2 d5 23. exd5 exd5 24. Bd4 Bxd4 25. cxd4 Bd7 26. Re1 Rb8 27. b3
Bf5 28. Qc3 Qb4 29. Qxb4 Rxb4 30. Rac1 Be6 31. a3 Rbb8 32. bxc4 dxc4 33. Nxc4
Rxd4 34. Ne5 Rb3 35. Ra1 Ra4 36. Re3 Rxe3 37. fxe3 Re4 38. Ng4 Bxg4 39. hxg4
Rxe3 40. Kf2 Rb3 41. a4 Kg7 42. g5 Rc3 43. Rd1 Rc4 0-1

[Event "18.int.Seniorenturnier Bad Woerishofen"]
[Site "Veranstalter: chessorg"]
[Date "2003.03.07"]
[Round "1"]
[White "Budde, Reinhard"]
[Black "Mantzouneas, Nikolaos"]
[Result "0-1"]
[WhiteElo "1598"]
[BlackElo "1865"]
[PlyCount "112"]
[EventDate "2002.03.??"]

1. e4 c5 2. Nf3 d6 3. d4 cxd4 4. Nxd4 Nf6 5. Nc3 a6 6. Be2 e5 7. Nb3 Be6 8. Be3
Nbd7 9. O-O Be7 10. f4 Rc8 11. Nd2 exf4 12. Rxf4 Ne5 13. a3 O-O 14. Rc1 Nfd7
15. Rf1 Bg5 16. Bf2 Nc4 17. Bxc4 Bxc4 18. Re1 Ne5 19. Rb1 b5 20. Nf1 Bxf1 21.
Kxf1 Nc4 22. Re2 Nxb2 23. Rxb2 Rxc3 24. Rb3 Rxb3 25. cxb3 Bf4 26. g3 Be5 27.
Rd2 Qf6 28. Kg1 Qg6 29. Qf3 Qe6 30. Rc2 g6 31. Rc6 Rc8 32. Rxc8+ Qxc8 33. Qe3
Qc3 34. Qxc3 Bxc3 35. Kf1 f6 36. Ke2 Bb2 37. a4 bxa4 38. bxa4 Kf7 39. g4 Ke6
40. Kd3 d5 41. exd5+ Kxd5 42. h3 f5 43. gxf5 gxf5 44. h4 h5 45. Be1 Be5 46. Ke3
Kc4 47. Kf3 Kb3 48. a5 Kc4 49. Bf2 Kd5 50. Be3 Bc7 51. Bd2 Kc4 52. Be1 Kb5 53.
Bd2 Bxa5 54. Bxa5 Kxa5 55. Kf4 Kb4 56. Kxf5 a5 0-1

[Event "18.int.Seniorenturnier Bad Woerishofen"]
[Site "Veranstalter: chessorg"]
[Date "2003.03.07"]
[Round "1"]
[White "Claus, Joachim"]
[Black "Thonig, Manfred"]
[Result "1-0"]
[WhiteElo "1864"]
[BlackElo "1603"]
[PlyCount "65"]
[EventDate "2002.03.??"]

1. e4 e5 2. Nf3 Nc6 3. d4 exd4 4. Bc4 h6 5. O-O Be7 6. Nxd4 Ne5 7. Bb3 d6 8.
Bf4 Ng6 9. Bg3 Nf6 10. Nc3 Bg4 11. f3 Bd7 12. Nde2 Nh5 13. Qd5 O-O 14. Qxh5 Nh8
15. Qd5 c6 16. Qd3 Qb6+ 17. Kh1 Rad8 18. Rad1 d5 19. exd5 g6 20. Qd2 Bg5 21. f4
Bf6 22. Na4 Qc7 23. f5 Qc8 24. fxg6 Bg5 25. Qd3 Be6 26. gxf7+ Bxf7 27. d6 Qg4
28. Bxf7+ Rxf7 29. Rxf7 Nxf7 30. Qg6+ Kf8 31. Rf1 Rd7 32. Nac3 Qc4 33. Be5 1-0

[Event "18.int.Seniorenturnier Bad Woerishofen"]
[Site "Veranstalter: chessorg"]
[Date "2003.03.07"]
[Round "1"]
[White "Czeitschner, Roland"]
[Black "Wolf, Margot"]
[Result "1-0"]
[WhiteElo "1821"]
[BlackElo "1221"]
[PlyCount "63"]
[EventDate "2002.03.??"]

1. d4 d5 2. c4 e6 3. Nc3 Nf6 4. Nf3 Nbd7 5. Bf4 c6 6. e3 Bb4 7. Bd3 O-O 8. O-O
Ba5 9. Rc1 Bc7 10. Bg5 h6 11. Bh4 Bd6 12. e4 dxe4 13. Nxe4 Be7 14. Bg3 Nxe4 15.
Bxe4 Bf6 16. Bb1 Bg5 17. Qd3 g6 18. Rcd1 b6 19. h4 Bf6 20. h5 Qe8 21. Bd6 Be7
22. Bxe7 Qxe7 23. hxg6 fxg6 24. Qxg6+ Qg7 25. Qxe6+ Kh8 26. Qg6 Ba6 27. b3 Rae8
28. Rfe1 Rd8 29. Re6 Bb7 30. Qxh6+ Qxh6 31. Rxh6+ Kg8 32. Re1 1-0

[Event "18.int.Seniorenturnier Bad Woerishofen"]
[Site "Veranstalter: chessorg"]
[Date "2003.03.07"]
[Round "1"]
[White "Duer, Maria"]
[Black "Eichinger, Adolf"]
[Result "0-1"]
[WhiteElo "1783"]
[BlackElo "1484"]
[PlyCount "54"]
[EventDate "2002.03.??"]

1. Nf3 c5 2. c4 Nc6 3. Nc3 e5 4. d3 Nf6 5. Bg5 Be7 6. e4 d6 7. h3 h6 8. Be3 Nd4
9. Be2 Bd7 10. O-O O-O 11. Rb1 b5 12. Bxd4 cxd4 13. Nxb5 Qa5 14. a4 a6 15. b4
Qd8 16. Na3 Qe8 17. a5 Nh5 18. Nh2 Nf4 19. Bg4 Ba4 20. Nc2 h5 21. g3 Bxc2 22.
Qxc2 hxg4 23. gxf4 gxh3 24. fxe5 f5 25. exf6 Qg6+ 26. Ng4 Qxg4+ 27. Kh1 Qg2#
0-1

[Event "18.int.Seniorenturnier Bad Woerishofen"]
[Site "Veranstalter: chessorg"]
[Date "2003.03.07"]
[Round "1"]
[White "Fels, Karl_Heinz"]
[Black "Kuhn, Arno_29Ludw"]
[Result "1-0"]
[WhiteElo "1838"]
[BlackElo "1532"]
[PlyCount "181"]
[EventDate "2002.03.??"]

1. e4 d5 2. exd5 Qxd5 3. Nc3 Qa5 4. d4 e5 5. d5 Nf6 6. Bc4 Be7 7. Bd2 O-O 8.
Nge2 c6 9. O-O Bg4 10. h3 Bh5 11. dxc6 Nxc6 12. Nd5 Qd8 13. g4 Nxd5 14. gxh5
Nb6 15. Bb3 Nd4 16. Nxd4 exd4 17. Qf3 Bg5 18. Bb4 Be7 19. Ba5 Qd6 20. Qxb7 Qe5
21. Bxb6 axb6 22. Qd5 Qf4 23. Rad1 Bd6 24. Qg2 Ra5 25. Rd3 Rg5 26. Rg3 Rxg3 27.
fxg3 Qe3+ 28. Kh2 Qg5 29. Qf3 Qd2+ 30. Rf2 Qg5 31. Kg2 Kh8 32. h4 Qe3 33. Re2
Qxf3+ 34. Kxf3 f5 35. Re6 Rd8 36. h6 Bc5 37. Bc4 Rf8 38. Kf4 gxh6 39. Rxh6 Kg7
40. Re6 h6 41. Ke5 Rd8 42. Bd3 Ra8 43. a3 Rf8 44. Bxf5 d3 45. Bxd3 Bf2 46. Rg6+
Kf7 47. h5 Re8+ 48. Kd5 Rd8+ 49. Kc6 Rd4 50. g4 Rf4 51. Kb5 Rd4 52. Bc4+ Ke7
53. b3 Rf4 54. Bd3 Bd4 55. Bf5 Bb2 56. a4 Bc3 57. Kxb6 Rb4+ 58. Kc5 Rf4 59.
Rxh6 Bd4+ 60. Kb5 Rf1 61. a5 Ra1 62. b4 Bc3 63. Kc4 Bd2 64. a6 Bxh6 65. b5 Kd6
66. Bd3 Ra4+ 67. Kb3 Rxg4 68. a7 Rg8 69. Be4 Kc5 70. c4 Rg3+ 71. Kc2 Ra3 72.
a8=Q Rxa8 73. Bxa8 Kxc4 74. Bc6 Kc5 75. Kd3 -- 76. Ke4 Bd2 77. Kf5 Be3 78. Kg6
Bf4 79. h6 Be5 80. h7 Bd4 81. Kf7 Be5 82. Kg8 Bf6 83. h8=Q Bxh8 84. Kxh8 Kd6
85. Kg7 Kc7 86. Kf7 Kd6 87. Ke8 Kc7 88. Ke7 Kb6 89. Kd7 Ka7 90. Kc8 Kb6 91. Kb8
1-0

[Event "18.int.Seniorenturnier Bad Woerishofen"]
[Site "Veranstalter: chessorg"]
[Date "2003.03.07"]
[Round "1"]
[White "Fleckner, Hans"]
[Black "Schafroth, Georg"]
[Result "1-0"]
[WhiteElo "1790"]
[BlackElo "1422"]
[PlyCount "82"]
[EventDate "2002.03.??"]

1. e4 e5 2. Nf3 Nc6 3. Bb5 Nf6 4. O-O a6 5. Ba4 b5 6. Bb3 h6 7. c3 Be7 8. Re1
d6 9. h3 O-O 10. d4 Na5 11. Bc2 Nd7 12. Nbd2 Bb7 13. Nf1 Nc4 14. b3 Ncb6 15.
Ng3 Bc8 16. Be3 c6 17. Qd2 Nf6 18. dxe5 dxe5 19. Bxb6 Qxb6 20. Nxe5 Rd8 21. Qe3
Bc5 22. Qf3 Rd2 23. Re2 Rxe2 24. Nxe2 Qc7 25. Nd3 Bd6 26. Re1 Bb7 27. Nd4 c5
28. Nf5 Be5 29. Nxe5 Qxe5 30. Qe3 Re8 31. f4 Qe6 32. Ng3 Qc6 33. Qd2 Qc8 34. e5
Nd5 35. Ne4 Re7 36. Nd6 Qc6 37. Be4 c4 38. Nxb7 Qb6+ 39. Kh2 Qxb7 40. Qxd5 Qc8
41. Rd1 Re8 1-0

[Event "18.int.Seniorenturnier Bad Woerishofen"]
[Site "Veranstalter: chessorg"]
[Date "2003.03.07"]
[Round "1"]
[White "Gestrich, Wolfgang_ProfDr"]
[Black "Ruth, Walter"]
[Result "1/2-1/2"]
[WhiteElo "1595"]
[BlackElo "1855"]
[PlyCount "47"]
[EventDate "2002.03.??"]

1. c4 Nf6 2. Nc3 d5 3. cxd5 Nxd5 4. g3 Nxc3 5. bxc3 g6 6. Bg2 Bg7 7. Rb1 c6 8.
e4 O-O 9. Ne2 e5 10. O-O Nd7 11. Ba3 Re8 12. Bh3 Nb6 13. Bxc8 Qxc8 14. d3 Qd7
15. Qc2 Rad8 16. Rbd1 Qe6 17. Kg2 Rd6 18. Qb3 Qxb3 19. axb3 Red8 20. Nc1 Bh6
21. f4 exf4 22. gxf4 g5 23. fxg5 Bxg5 24. Rf3 1/2-1/2

[Event "18.int.Seniorenturnier Bad Woerishofen"]
[Site "Veranstalter: chessorg"]
[Date "2003.03.07"]
[Round "1"]
[White "Girod, Gudrun"]
[Black "Herzel, Alois_Dr"]
[Result "0-1"]
[WhiteElo "1387"]
[BlackElo "1843"]
[PlyCount "112"]
[EventDate "2002.03.??"]

1. d4 Nf6 2. Nf3 e6 3. e3 d5 4. Bd2 c5 5. Nc3 Nc6 6. Bb5 a6 7. Bxc6+ bxc6 8.
O-O Be7 9. Ne2 O-O 10. Qe1 a5 11. Nc3 Qc7 12. Qd1 cxd4 13. exd4 c5 14. Be3 Ba6
15. Re1 Rab8 16. Rb1 Nd7 17. Ne2 cxd4 18. Nfxd4 Bf6 19. c3 Nc5 20. Qd2 Ne4 21.
Qc1 e5 22. Nb3 Bc4 23. Nd2 Nxd2 24. Qxd2 a4 25. Nc1 Rfd8 26. Bg5 Qe7 27. Bxf6
Qxf6 28. b3 d4 29. Ne2 axb3 30. axb3 Rxb3 31. Rxb3 Bxb3 32. cxd4 Bc4 33. Ng3
exd4 34. Qa5 Be6 35. Ne4 Qe7 36. Nc5 Rc8 37. Nd3 h6 38. h3 Qb7 39. Qe5 Qd5 40.
Qxd5 Bxd5 41. Nf4 Bb3 42. Nd3 Bc2 43. Nb4 d3 44. Nxc2 dxc2 45. Rc1 f5 46. Kf1
Kf7 47. Ke2 Kf6 48. Kd3 Ke5 49. f3 Kf4 50. Ke2 Kg3 51. Kf1 h5 52. f4 Kxf4 53.
Kf2 g5 54. g3+ Ke4 55. Ke2 f4 56. gxf4 Kxf4 0-1

[Event "18.int.Seniorenturnier Bad Woerishofen"]
[Site "Veranstalter: chessorg"]
[Date "2003.03.07"]
[Round "1"]
[White "Hausner, Alfreda"]
[Black "Bakalarczyk, Wlodzimierz"]
[Result "1/2-1/2"]
[WhiteElo "1696"]
[BlackElo "1922"]
[PlyCount "45"]
[EventDate "2002.03.??"]

1. d4 Nf6 2. Nf3 g6 3. c3 Bg7 4. Bf4 O-O 5. Nbd2 d6 6. e3 b6 7. Be2 Bb7 8. h3
Nbd7 9. O-O a5 10. a4 e6 11. Qc2 d5 12. Ne5 Nh5 13. Bxh5 gxh5 14. Ndf3 f6 15.
Nxd7 Qxd7 16. Bg3 Rac8 17. Qb3 Ba6 18. Rfe1 Bd3 19. Qd1 Bg6 20. Qb3 Rfe8 21.
Red1 Bf8 22. Nh4 Bf7 23. Qc2 1/2-1/2

[Event "18.int.Seniorenturnier Bad Woerishofen"]
[Site "Veranstalter: chessorg"]
[Date "2003.03.07"]
[Round "1"]
[White "Hennig, Manfred_Dr"]
[Black "Scheerer, Helmut"]
[Result "0-1"]
[WhiteElo "1480"]
[BlackElo "1850"]
[PlyCount "68"]
[EventDate "2002.03.??"]

1. c4 e5 2. e4 Nf6 3. Nc3 Bc5 4. d3 d6 5. h3 Nc6 6. Bd2 O-O 7. a3 Be6 8. Na4
Nd7 9. g4 Nd4 10. Bg2 a6 11. Nxc5 Nxc5 12. Be3 Ncb3 13. Rb1 b5 14. Bxd4 Nxd4
15. b3 c5 16. Ne2 Qa5+ 17. b4 Qxa3 18. Nxd4 Qc3+ 19. Qd2 Qxd4 20. cxb5 axb5 21.
O-O c4 22. Rfc1 cxd3 23. Rc3 Bc4 24. Kh2 Ra2 25. Rb2 Rxb2 26. Qxb2 d2 27. Bf3
Qxf2+ 28. Kh1 Qxf3+ 29. Rxf3 d1=Q+ 30. Kg2 Ra8 31. Qc3 Qe2+ 32. Kg3 Qxe4 33.
Qd2 h6 34. Qxd6 Qe1+ 0-1

[Event "18.int.Seniorenturnier Bad Woerishofen"]
[Site "Veranstalter: chessorg"]
[Date "2003.03.07"]
[Round "1"]
[White "Janssen, Helmut_35Itze"]
[Black "Weber, Siegfried_27Fech"]
[Result "1/2-1/2"]
[WhiteElo "1878"]
[BlackElo "1571"]
[PlyCount "43"]
[EventDate "2002.03.??"]

1. e4 c5 2. Nf3 d6 3. d4 cxd4 4. Nxd4 Nf6 5. Nc3 g6 6. Bg5 Bg7 7. Qd2 O-O 8.
O-O-O Nc6 9. Nxc6 bxc6 10. e5 Nd5 11. Nxd5 cxd5 12. Qxd5 Be6 13. Qb7 Qa5 14.
Qb5 Qxa2 15. Qa6 Qxa6 16. Bxa6 Bxe5 17. Bxe7 Rfb8 18. Bxd6 Bxb2+ 19. Kb1 Rb6
20. Bc5 Rbb8 21. Bd6 Rb6 22. Bc5 1/2-1/2

[Event "18.int.Seniorenturnier Bad Woerishofen"]
[Site "Veranstalter: chessorg"]
[Date "2003.03.07"]
[Round "1"]
[White "Johannsen, Ingbert"]
[Black "Hoeppner, Hans_18Nog"]
[Result "1-0"]
[WhiteElo "1958"]
[BlackElo "1599"]
[PlyCount "71"]
[EventDate "2002.03.??"]

1. e4 c6 2. d3 e6 3. Be3 Ne7 4. g3 d5 5. f3 d4 6. Bf2 c5 7. Ne2 Nbc6 8. Bg2 Ng6
9. O-O h5 10. f4 h4 11. Nd2 Be7 12. g4 h3 13. Bh1 Bh4 14. Nc4 b5 15. e5 bxc4
16. Bxc6+ Bd7 17. Bxh4 Qxh4 18. Bxa8 Qxg4+ 19. Ng3 Qh4 20. Qf3 O-O 21. Be4 Ne7
22. Qh5 Qxh5 23. Nxh5 cxd3 24. cxd3 Bb5 25. Rac1 Rc8 26. Rf3 c4 27. dxc4 a5 28.
Rxh3 a4 29. Rd3 a3 30. Rxa3 Bc6 31. Ng3 Bxe4 32. Nxe4 Nf5 33. c5 g5 34. c6 Rc7
35. Nf6+ Kg7 36. Ne8+ 1-0

[Event "18.int.Seniorenturnier Bad Woerishofen"]
[Site "Veranstalter: chessorg"]
[Date "2003.03.07"]
[Round "1"]
[White "Josting, Friedel"]
[Black "Disselberger, Alfons"]
[Result "1-0"]
[WhiteElo "1845"]
[BlackElo "1391"]
[PlyCount "77"]
[EventDate "2002.03.??"]

1. Nf3 Nf6 2. d4 d5 3. Bf4 e6 4. Nbd2 Bd6 5. Bg3 O-O 6. e3 Ne4 7. Bd3 f5 8. Qe2
c5 9. c3 c4 10. Bc2 b5 11. O-O Nc6 12. Nxe4 fxe4 13. Nd2 Qc7 14. Bxd6 Qxd6 15.
f3 exf3 16. Rxf3 Rxf3 17. Qxf3 Bd7 18. Rf1 Rf8 19. Bxh7+ Kxh7 20. Qxf8 Qxf8 21.
Rxf8 Kg6 22. e4 a5 23. Kf2 b4 24. Ke3 a4 25. Ra8 e5 26. exd5 bxc3 27. bxc3
exd4+ 28. cxd4 Nb4 29. Nxc4 Nxd5+ 30. Kd2 Kh7 31. Ne3 Nf6 32. Ra7 Be8 33. d5
Ne4+ 34. Kd3 Nc5+ 35. Kd4 Nd7 36. Nf5 Kg8 37. Nd6 Kf8 38. Nxe8 Kxe8 39. Rxa4
1-0

[Event "18.int.Seniorenturnier Bad Woerishofen"]
[Site "Veranstalter: chessorg"]
[Date "2003.03.07"]
[Round "1"]
[White "Krueger, Manfred_34Nied"]
[Black "Scheidt, Eugen"]
[Result "1-0"]
[WhiteElo "1446"]
[BlackElo "1790"]
[PlyCount "85"]
[EventDate "2002.03.??"]

1. e4 c5 2. Nf3 d6 3. d4 cxd4 4. Nxd4 Nf6 5. Nc3 a6 6. f3 e5 7. Nb3 Be6 8. Nd5
Nxd5 9. exd5 Bf5 10. Bd3 Bg6 11. Bxg6 hxg6 12. Be3 Nd7 13. Qd2 b6 14. O-O-O Be7
15. Qf2 g5 16. g3 f5 17. f4 O-O 18. fxe5 dxe5 19. d6 Bf6 20. Qxf5 a5 21. Qe6+
Kh8 22. Nd2 Re8 23. Qf7 e4 24. Qg6 Re6 25. Qf5 Re5 26. Qg4 Rc8 27. Nxe4 Rb5 28.
Qh3+ Kg8 29. Nxf6+ Qxf6 30. Bd4 Qg6 31. Bc3 g4 32. Qf1 Rbc5 33. Qd3 Qe6 34. Kb1
b5 35. Rde1 Qd5 36. Qg6 Rxc3 37. bxc3 Ne5 38. Qf5 Rc5 39. Rd1 Qc6 40. Qe6+ Kf8
41. Rhf1+ Nf3 42. Qxg4 Rxc3 43. d7 1-0

[Event "18.int.Seniorenturnier Bad Woerishofen"]
[Site "Veranstalter: chessorg"]
[Date "2003.03.07"]
[Round "1"]
[White "Kuehn, Peter_38ENeubr"]
[Black "Maassen, Hermann"]
[Result "1-0"]
[WhiteElo "1927"]
[BlackElo "1701"]
[PlyCount "57"]
[EventDate "2002.03.??"]

1. e4 e6 2. d3 d5 3. Nd2 Bc5 4. Ngf3 Nf6 5. Be2 Bxf2+ 6. Kxf2 Ng4+ 7. Kg3 e5 8.
h3 Ne3 9. Qg1 Nxc2 10. Rb1 Nc6 11. Nb3 dxe4 12. dxe4 Be6 13. Bb5 O-O 14. Bxc6
bxc6 15. Qc5 Qd3 16. Qxe5 Bxb3 17. axb3 Rfe8 18. Qc3 Qxe4 19. Bf4 Rab8 20. Rbc1
Nb4 21. Rce1 Qg6+ 22. Kh2 Nd5 23. Qc1 Red8 24. Bg3 Rxb3 25. Re2 Nf6 26. Bxc7
Rf8 27. Rhe1 Nd5 28. Re8 Nxc7 29. Rxf8+ 1-0

[Event "18.int.Seniorenturnier Bad Woerishofen"]
[Site "Veranstalter: chessorg"]
[Date "2003.03.07"]
[Round "1"]
[White "Kuhnert, Werner"]
[Black "Plasswich, Heribert"]
[Result "0-1"]
[WhiteElo "1200"]
[BlackElo "1798"]
[PlyCount "56"]
[EventDate "2002.03.??"]

1. e4 e5 2. Nf3 Nc6 3. Bc4 Be7 4. d3 Nf6 5. Ng5 O-O 6. Nf3 d6 7. Be3 Na5 8.
Nbd2 Nxc4 9. Nxc4 Ng4 10. Bd2 f5 11. h3 Nf6 12. Qe2 fxe4 13. dxe4 b5 14. Na3 a6
15. b4 Bb7 16. Ng5 Qd7 17. O-O h6 18. Nf3 Nxe4 19. Rad1 Rf7 20. Nb1 Raf8 21.
Nh2 Qc6 22. Be3 Nc3 23. Qg4 Nxd1 24. Bxh6 Nc3 25. Nxc3 Qxc3 26. Nf3 Bxf3 27.
gxf3 Qxf3 28. Qg3 Qxg3+ 0-1

[Event "18.int.Seniorenturnier Bad Woerishofen"]
[Site "Veranstalter: chessorg"]
[Date "2003.03.07"]
[Round "1"]
[White "Lamberger, Werner_39Oest"]
[Black "Neumann, Erwin"]
[Result "0-1"]
[WhiteElo "1606"]
[BlackElo "1849"]
[PlyCount "76"]
[EventDate "2002.03.??"]

1. e4 e5 2. Nf3 Nf6 3. Nc3 Bb4 4. Bc4 Nc6 5. d4 exd4 6. Nxd4 O-O 7. O-O Bxc3 8.
bxc3 Nxe4 9. Nxc6 bxc6 10. Qf3 d5 11. Ba3 Nd2 12. Qd3 Nxc4 13. Bxf8 Qxf8 14.
Rab1 g6 15. Rfe1 Bf5 16. Qe2 Qd6 17. Rb7 a5 18. Qe7 Rc8 19. Re2 Kg7 20. f3 Be6
21. Rxe6 Qxe6 22. Qxe6 fxe6 23. Kf2 Nb6 24. Ke3 c5 25. Kd3 Kf6 26. g3 Ke5 27.
f4+ Kd6 28. Ra7 a4 29. Ra6 Ra8 30. Rxa8 Nxa8 31. c4 c6 32. cxd5 cxd5 33. c4 d4
34. a3 Nb6 35. g4 e5 36. f5 gxf5 37. gxf5 Ke7 38. Ke4 Kf6 0-1

[Event "18.int.Seniorenturnier Bad Woerishofen"]
[Site "Veranstalter: chessorg"]
[Date "2003.03.07"]
[Round "1"]
[White "Marzluf, Dieter"]
[Black "Malik, Rosemarie"]
[Result "1-0"]
[WhiteElo "1834"]
[BlackElo "1293"]
[PlyCount "39"]
[EventDate "2002.03.??"]

1. d4 Nf6 2. Bg5 e6 3. e4 Be7 4. Nc3 O-O 5. Bxf6 Bxf6 6. e5 Be7 7. Bd3 d6 8.
Qh5 g6 9. Qg4 Nc6 10. Nf3 dxe5 11. dxe5 a6 12. O-O-O Qe8 13. h4 Bd7 14. h5 Nb4
15. hxg6 fxg6 16. Qh3 Qf7 17. Bc4 Rad8 18. Rxd7 Rxd7 19. Bxe6 Bd8 20. Qxh7# 1-0

[Event "18.int.Seniorenturnier Bad Woerishofen"]
[Site "Veranstalter: chessorg"]
[Date "2003.03.07"]
[Round "1"]
[White "Michalowski, Richard"]
[Black "Reinke, Kurt_39Benr"]
[Result "0-1"]
[WhiteElo "1521"]
[BlackElo "1887"]
[PlyCount "50"]
[EventDate "2002.03.??"]

1. c4 Nf6 2. Nc3 e6 3. d4 d5 4. Bg5 c6 5. e3 Nbd7 6. Nf3 Qa5 7. Rc1 Bb4 8. Bd3
dxc4 9. Bxc4 Ne4 10. h4 Nxc3 11. bxc3 Bxc3+ 12. Ke2 b5 13. Bb3 b4 14. Nd2 Ba6+
15. Nc4 Nb6 16. Qd3 Bxc4 17. Bxc4 O-O 18. Rc2 Rfe8 19. e4 h6 20. Bxh6 Qh5+ 21.
f3 Qxh6 22. Rh3 Rad8 23. Rxc3 bxc3 24. Qxc3 Nxc4 25. Qxc4 Rb8 0-1

[Event "18.int.Seniorenturnier Bad Woerishofen"]
[Site "Veranstalter: chessorg"]
[Date "2003.03.07"]
[Round "1"]
[White "Narr, Irmgard"]
[Black "Aigner, Georg"]
[Result "0-1"]
[WhiteElo "1290"]
[BlackElo "1837"]
[PlyCount "113"]
[EventDate "2002.03.??"]

1. e4 e5 2. Nf3 Nc6 3. d4 exd4 4. Nxd4 Bc5 5. Be3 Qf6 6. c3 Nge7 7. Bc4 Ne5 8.
Bb3 N7g6 9. Nd2 Nd3+ 10. Kf1 d6 11. Nc4 Ndf4 12. Ba4+ Kf8 13. Qf3 a6 14. Bb3 h5
15. Nf5 Bxf5 16. exf5 Qxf5 17. Rd1 Qg4 18. Qxb7 Ra7 19. Qc6 Bxe3 20. Nxe3 Qe2+
21. Kg1 Ne5 22. Qe4 Nfd3 23. Qf5 Ra8 24. h3 Rh6 25. Rf1 Rg6 26. Bd5 c6 27. Be4
Ne1 28. Kh2 N5d3 29. Rhg1 Rf6 30. Qg5 Rxf2 31. Bxd3 Nf3+ 32. Kh1 Nxg5 33. Bxe2
Rxe2 34. Nf5 Rxb2 35. Nxd6 Rd8 36. Rd1 Rxa2 37. Rgf1 f6 38. h4 Nf7 39. Ne4 Rxd1
40. Rxd1 Ra4 41. Rd4 Rxd4 42. cxd4 Ke7 43. g3 Nd6 44. Nc5 a5 45. Kg2 Nb5 46.
Kf3 Nxd4+ 47. Ke3 Nf5+ 48. Kf4 Nd6 49. Na4 g6 50. Ke3 Nf5+ 51. Kf4 Kd6 52. g4
hxg4 53. Kxg4 c5 54. h5 gxh5+ 55. Kxh5 Nd4 56. Kg6 f5 57. Nc3 0-1

[Event "18.int.Seniorenturnier Bad Woerishofen"]
[Site "Veranstalter: chessorg"]
[Date "2003.03.07"]
[Round "1"]
[White "Ottmann, Josef"]
[Black "Auf'm_Wasser, Guenter"]
[Result "1-0"]
[WhiteElo "2026"]
[BlackElo "1588"]
[PlyCount "91"]
[EventDate "2002.03.??"]

1. e4 e5 2. Nf3 f5 3. Nxe5 Nc6 4. Nxc6 dxc6 5. Nc3 Bc5 6. Qe2 Qe7 7. exf5 Bxf5
8. Qxe7+ Nxe7 9. d3 O-O 10. Be3 Bb4 11. O-O-O Rae8 12. Bd2 Bg6 13. f3 Nf5 14.
Ne4 Bxd2+ 15. Kxd2 Nh4 16. Kc1 Re5 17. Rg1 Nf5 18. Re1 Nd6 19. Be2 Nb5 20. Bd1
Rfe8 21. Kd2 Nd6 22. Nxd6 Rxe1 23. Rxe1 Rxe1 24. Kxe1 cxd6 25. Kd2 Kf7 26. Ke3
Ke6 27. c3 c5 28. d4 b6 29. Be2 Bb1 30. a3 Bg6 31. Bd3 Bf7 32. dxc5 bxc5 33. f4
Kf6 34. b4 h6 35. a4 Ke7 36. g4 Kf6 37. a5 Ke7 38. h4 Be8 39. Bc4 Bc6 40. Be2
Bd7 41. f5 Kf6 42. Kf4 g5+ 43. fxg6 Kxg6 44. bxc5 Kf6 45. g5+ hxg5+ 46. hxg5+
1-0

[Event "18.int.Seniorenturnier Bad Woerishofen"]
[Site "Veranstalter: chessorg"]
[Date "2003.03.07"]
[Round "1"]
[White "Ruppert, Lothar"]
[Black "Brehme, Helmut"]
[Result "1/2-1/2"]
[WhiteElo "1945"]
[BlackElo "1597"]
[PlyCount "60"]
[EventDate "2002.03.??"]

1. d4 d5 2. Nf3 Bf5 3. c4 e6 4. Nc3 c6 5. e3 Bd6 6. Be2 Nd7 7. a3 Ne7 8. O-O h6
9. b4 O-O 10. Bb2 Rc8 11. c5 Bb8 12. Bd3 Bg4 13. h3 Bxf3 14. Qxf3 Qc7 15. g3 f5
16. Ne2 Ng6 17. Qh5 Kh7 18. Nf4 Nxf4 19. exf4 Nf6 20. Qe2 Rce8 21. f3 Nh5 22.
Qh2 Rf6 23. Kf2 g5 24. Rfe1 gxf4 25. g4 Ng3 26. gxf5 Nxf5 27. Re2 Rg8 28. Rae1
Rg7 29. Bc1 Rfg6 30. Rxe6 Rxe6 1/2-1/2